Quiz sur l'Alsace - Statistiques

Statistiques générales
  • Ce quiz a été pris 669 fois
    448 depuis la dernière actualisation
  • Le résultat moyen est 9 sur 14
Statistiques - réponses
Hint Réponse % Correct
Parc d'attraction proche de l'Alsace Europa-park
96%
Oiseau emblème de l'Alsace Cigogne
90%
Ancien pays propriétaire de l'Alsace Allemagne
89%
Nom du type d'architecture des maisons alsaciennes : Maison à ... Colombage
86%
Lieu politique européen le plus connu de Strasbourg Parlement Européen
85%
Nouvelle région comportant l'Alsace Grand Est
83%
Gâteaux de Noël alsaciens Bredele
80%
Pain brioché tressé (souvent gratiné ou au sel) Bretzel
79%
Nom de la fameuse saucisse strasbourgeoise (pas la "saucisse de Strasbourg") Knack
68%
Monument religieux le plus connu de Strasbourg Cathédrale de Strasbourg
57%
Nom alsacien de la tarte flambée Flammenkuche
55%
Nom des habitants de Marckolsheim Marckolsheimois
32%
Club emblématique de football présent en ligue 1 Racing Club de Strasbourg Alsace
25%
Nombre d'habitants à Strasbourg en moyenne 277 000
6%
Aucun quiz correspondant
Distribution des résultats
% des personnes avec chaque résultat
Percentile par nombre de réponses
Votre historique - résultats
Vous n’avez pas pris ce quiz depuis la dernière actualisation